000
00301nam a2200133Ia 4500
005
20251222155125.0
008
251222s9999||||xx |||||||||||||| ||spa||
082
_a
AFIS 15
100
_a
RUSELL S. Weiser,
245
0
_a
InmunologĂa
250
_a
1ra. ed.
264
_b
Interamericana
942
_c
LIB
999
_c
38590
_d
38590